Forbidden workers : (Запис № 497967)

МАРК-запис
000 -LEADER
fixed length control field 01198cam a2200265Mi 4500
001 - CONTROL NUMBER
control field forbiddenworkers00kwon
003 - CONTROL NUMBER IDENTIFIER
control field CaSfIA
005 - DATE AND TIME OF LATEST TRANSACTION
control field 20210118084049.0
007 - PHYSICAL DESCRIPTION FIXED FIELD--GENERAL INFORMATION
fixed length control field cr||||
008 - FIXED-LENGTH DATA ELEMENTS--GENERAL INFORMATION
fixed length control field 981203s1997 xx 000 0 eng d
040 ## - CATALOGING SOURCE
Original cataloging agency GEBAY
Language of cataloging ger
Transcribing agency GEBAY
Modifying agency CaSfIA
020 ## - INTERNATIONAL STANDARD BOOK NUMBER
International Standard Book Number 156584355X
020 ## - INTERNATIONAL STANDARD BOOK NUMBER
International Standard Book Number 9781565843554
035 ## - SYSTEM CONTROL NUMBER
System control number (OCoLC)243898071
100 1# - MAIN ENTRY--PERSONAL NAME
Personal name Kwong, Peter
245 00 - TITLE STATEMENT
Title Forbidden workers :
Medium [electronic resource]
Remainder of title illegal Chinese immigrants and American labor
Statement of responsibility, etc Peter Kwong
260 ## - PUBLICATION, DISTRIBUTION, ETC. (IMPRINT)
Place of publication, distribution, etc New York
Name of publisher, distributor, etc New Press
Date of publication, distribution, etc 1997
300 ## - PHYSICAL DESCRIPTION
Extent XII, 273 S.
506 ## - RESTRICTIONS ON ACCESS NOTE
Standardized terminology for access restriction Необхідна авторизація на https://archive.org/ (створення облікового запису безкоштовно)
506 ## - RESTRICTIONS ON ACCESS NOTE
Standardized terminology for access restriction Необхідна авторизація на https://openlibrary.org/ (створення облікового запису безкоштовно)
653 0# - INDEX TERM--UNCONTROLLED
Uncontrolled term USA
-- Illegaler Einwanderer
-- Beschäftigung
-- Chinesen
856 41 - ELECTRONIC LOCATION AND ACCESS
Uniform Resource Identifier <a href="http://www.archive.org/details/forbiddenworkers00kwon">http://www.archive.org/details/forbiddenworkers00kwon</a>
Public note Free eBook from the Internet Archive
856 42 - ELECTRONIC LOCATION AND ACCESS
Uniform Resource Identifier <a href="http://www.openlibrary.org/books/OL679783M">http://www.openlibrary.org/books/OL679783M</a>
Public note Additional information and access via Open Library
942 ## - ADDED ENTRY ELEMENTS (KOHA)
Koha item type ЕКнига

Немає доступних примірників.